[Event "Eesti naiste MV"]
[Site "Tallinn"]
[Date "2005.05.10"]
[Round "1"]
[White "Kõrge, Kersti"]
[Black "Narva, Regina"]
[Result "0-1"]
[WhiteElo "1936"]
[BlackElo "2106"]
[PlyCount "60"]
[EventDate "2005.05.10"]
[EventType "tourn"]
[EventRounds "1"]
[EventCountry "EST"]
[SourceDate "2005.05.13"]

1. e4 d5 2. exd5 Qxd5 3. Nc3 Qa5 4. Nf3 Nf6 5. Bc4 Bg4 6. d3 Nc6 7. h3 Qh5 8.
O-O Bxf3 9. Qxf3 Qxf3 10. gxf3 a6 11. Nd5 Nxd5 12. Bxd5 Nd8 13. Bf4 e6 14. Rfe1
Be7 15. Bb3 c5 16. c3 Nc6 17. Bc7 O-O 18. Bb6 Bd6 19. f4 Ne7 20. d4 cxd4 21.
Bxd4 Bxf4 22. Re4 Bc7 23. Bc5 Rfe8 24. Rd1 Nc6 25. Rd7 Rac8 26. Re1 Ne5 27.
Rxc7 Nf3+ 28. Kf1 Rxc7 29. Bb6 Nxe1 30. Bxc7 Nd3 0-1

[Event "Eesti naiste MV"]
[Site "Tallinn"]
[Date "2005.05.10"]
[Round "1"]
[White "Vahtra, Tuuli"]
[Black "Bashkite, Viktoria"]
[Result "0-1"]
[WhiteElo "2007"]
[BlackElo "2191"]
[PlyCount "66"]
[EventDate "2005.05.10"]
[EventType "tourn"]
[EventRounds "1"]
[EventCountry "EST"]
[SourceDate "2005.05.13"]

1. d4 Nf6 2. Bg5 d5 3. e3 c6 4. c3 Bf5 5. Bd3 Bxd3 6. Qxd3 Nbd7 7. Nf3 Ne4 8.
Nbd2 Nxg5 9. Nxg5 e5 10. Nh3 e4 11. Qc2 Bd6 12. c4 O-O 13. c5 Bc7 14. g3 Qe7
15. Nb3 Kh8 16. O-O-O a5 17. Nf4 a4 18. Nd2 Rfb8 19. h4 b6 20. cxb6 Bxf4 21.
gxf4 Rxb6 22. Nb1 Rab8 23. Rd2 Rb4 24. Re2 Qd6 25. Rd1 c5 26. Red2 cxd4 27.
Rxd4 Rxd4 28. Rxd4 Nc5 29. Kd1 Nd3 30. b3 axb3 31. axb3 Qg6 32. Rxd3 exd3 33.
Qc7 Qg4+ 0-1

[Event "Eesti naiste MV"]
[Site "Tallinn"]
[Date "2005.05.10"]
[Round "1"]
[White "Käos, Kreete"]
[Black "Makarova, Kermen"]
[Result "0-1"]
[WhiteElo "1872"]
[BlackElo "1927"]
[PlyCount "152"]
[EventDate "2005.05.10"]
[EventType "tourn"]
[EventRounds "1"]
[EventCountry "EST"]
[SourceDate "2005.05.13"]

1. d4 Nf6 2. c4 g6 3. Nc3 Bg7 4. Nf3 d6 5. e4 O-O 6. Be2 Nbd7 7. O-O e5 8. d5
a5 9. Be3 Ng4 10. Bg5 f6 11. Bh4 Nc5 12. h3 Nh6 13. Qd2 Qe8 14. Ne1 g5 15. Bg3
Qg6 16. Rd1 f5 17. exf5 Nxf5 18. Nd3 Nd4 19. Nxc5 dxc5 20. Bd3 Bf5 21. Bxf5
Qxf5 22. Qd3 Rae8 23. Qxf5 Rxf5 24. Ne4 Bf8 25. Rfe1 h6 26. a3 Rb8 27. Nxg5
Rxg5 28. Rxe5 Bd6 29. Rxg5+ hxg5 30. Bxd6 cxd6 31. Re1 Kf7 32. Re4 Re8 33. Rg4
Kf6 34. h4 gxh4 35. Rxh4 Nf5 36. Rh7 Re7 37. Rh8 Re1+ 38. Kh2 Re2 39. Rf8+ Kg6
40. Rg8+ Kf7 41. Rd8 Ke7 42. Rh8 Rxb2 43. Rh7+ Kf6 44. g4 Ng7 45. Rh6+ Ke7 46.
Kg2 Rc2 47. Rh7 Kf7 48. Rh6 Ne8 49. Rh7+ Kg6 50. Rxb7 Rxc4 51. Re7 Nf6 52. f3
Rd4 53. Ra7 a4 54. Ra6 Ne8 55. Kg3 Kg5 56. Ra7 Kf6 57. Ra8 Nc7 58. Ra7 Nb5 59.
Rb7 Nxa3 60. f4 Rxd5 61. Kf3 Nc4 62. g5+ Kg6 63. Kg4 Ne3+ 64. Kf3 Nf5 65. Rb8
Rd3+ 66. Ke4 Re3+ 67. Kd5 a3 68. Ra8 Rf3 69. Ke4 Rb3 70. Kd5 Rb4 71. Rxa3 Rxf4
72. Ra8 Rd4+ 73. Ke6 Kxg5 74. Rg8+ Kf4 75. Rf8 Re4+ 76. Kd5 Re5+ 0-1

[Event "Eesti naiste MV"]
[Site "Tallinn"]
[Date "2005.05.10"]
[Round "1"]
[White "Tsõganova, Monika"]
[Black "Pärnpuu, Leili"]
[Result "1/2-1/2"]
[WhiteElo "2266"]
[BlackElo "2226"]
[PlyCount "152"]
[EventDate "2005.05.10"]
[EventType "tourn"]
[EventRounds "1"]
[EventCountry "EST"]
[SourceDate "2005.05.13"]

1. d4 e6 2. c4 Nf6 3. Nf3 b6 4. g3 Ba6 5. Qb3 c6 6. Bg2 d5 7. cxd5 exd5 8. Nc3
Bd6 9. Bg5 O-O 10. O-O Nbd7 11. Rfe1 h6 12. Bd2 Re8 13. Rac1 Bb7 14. Nh4 Nf8
15. e4 dxe4 16. Nxe4 Nxe4 17. Bxe4 Ne6 18. Bc3 Bf8 19. Qd1 Ng5 20. Bg2 Rxe1+
21. Bxe1 Qd7 22. f4 Ne6 23. Bf2 Rd8 24. Nf3 Qd6 25. Qa4 a6 26. Qb3 b5 27. Ne5
Qb4 28. Qxb4 Bxb4 29. a3 Bf8 30. Bxc6 Bc8 31. d5 Nc7 32. Bb6 Bd6 33. Kf2 f6 34.
Nf3 Rf8 35. Nd2 Bf5 36. Bb7 Rf7 37. Bxc7 Rxc7 38. Rxc7 Bxc7 39. Bxa6 Bb6+ 40.
Kf3 Bd7 41. Ke4 Kf7 42. Nb1 Bg1 43. Nc3 Bxh2 44. Kf3 Bg1 45. Bxb5 Bc8 46. Ne4
Ke7 47. d6+ Kd8 48. Bc6 Bd4 49. b4 f5 50. Nd2 g5 51. fxg5 hxg5 52. Nc4 Be6 53.
Na5 Bc8 54. Bb5 Bd7 55. Nc6+ Bxc6+ 56. Bxc6 Bb2 57. a4 Ba3 58. b5 Bxd6 59. a5
Kc7 60. Bd5 Bc5 61. b6+ Kd6 62. Ba8 Bd4 63. Bb7 Kc5 64. Bc8 f4 65. b7 Be5 66.
g4 Bb8 67. Be6 Kb5 68. Bd5 Kxa5 69. Ke4 f3 70. Kf5 f2 71. Bg2 Kb6 72. Kxg5 f1=Q
73. Bxf1 Kxb7 74. Kf5 Ba7 75. Ke4 Bc5 76. Kd5 Ba3 1/2-1/2

[Event "Eesti naiste MV"]
[Site "Tallinn"]
[Date "2005.05.10"]
[Round "1"]
[White "Makarova, Natalja"]
[Black "Gansvind, Valeria"]
[Result "0-1"]
[WhiteElo "1915"]
[BlackElo "2252"]
[PlyCount "86"]
[EventDate "2005.05.10"]
[EventType "tourn"]
[EventRounds "1"]
[EventCountry "EST"]
[SourceDate "2005.05.13"]

1. d4 g6 2. c4 Bg7 3. Nc3 d6 4. e4 c6 5. f3 a6 6. Be3 b5 7. cxb5 axb5 8. a3 Qb6
9. Nge2 b4 10. axb4 Rxa1 11. Qxa1 Qxb4 12. Qa3 Qb7 13. Nf4 Nd7 14. Nd3 Nb6 15.
Nb4 Bd7 16. Ba6 Qb8 17. O-O Nf6 18. d5 cxd5 19. exd5 O-O 20. Rc1 Na8 21. Nc6
Bxc6 22. dxc6 d5 23. Nb5 Ne8 24. Bb7 Nec7 25. Nxc7 Nxc7 26. Ba7 Qd8 27. Bb6 Be5
28. Ra1 e6 29. Qe3 Qf6 30. Ra4 Qf5 31. Qe2 Bd6 32. b4 e5 33. Bxc7 Bxc7 34. Qd1
e4 35. Ra3 Rd8 36. b5 d4 37. Rb3 Bb6 38. fxe4 d3+ 39. Kh1 Qc5 40. Rb2 Bc7 41.
Qd2 Qe5 42. g3 Qxe4+ 43. Kg1 Bb6+ 0-1

[Event "Eesti naiste MV"]
[Site "Tallinn"]
[Date "2005.05.10"]
[Round "1"]
[White "Rõtova, Merike"]
[Black "Fomina, Tatjana"]
[Result "0-1"]
[WhiteElo "1997"]
[BlackElo "2260"]
[PlyCount "104"]
[EventDate "2005.05.10"]
[EventType "tourn"]
[EventRounds "1"]
[EventCountry "EST"]
[SourceDate "2005.05.13"]

1. d4 e6 2. f4 c5 3. e3 b6 4. Nf3 Bb7 5. c3 d6 6. Bb5+ Nd7 7. O-O Ngf6 8. Nbd2
a6 9. Bd3 b5 10. Re1 Qb6 11. Kh1 Be7 12. Qe2 Ng4 13. Nf1 Ndf6 14. h3 Nh6 15.
Ng3 d5 16. Ng5 Rd8 17. Bd2 g6 18. a4 c4 19. Bc2 Nf5 20. Nxf5 exf5 21. axb5 axb5
22. Ra2 O-O 23. Rea1 Bd6 24. Qf2 Rfe8 25. Qh4 Kg7 26. Ra7 Re7 27. g4 Bc8 28.
Rxe7 Bxe7 29. gxf5 Re8 30. Qg3 Nh5 31. Qf3 Nf6 32. Qg2 Rg8 33. Nf3 Ne4 34. Bxe4
dxe4 35. Nh2 Bxf5 36. Ng4 Bh4 37. Qe2 h5 38. Nf2 Bxf2 39. Qxf2 Bxh3 40. Qh4 Bg4
41. Be1 f6 42. Bg3 Qb7 43. Qh2 Bf3+ 44. Kg1 Ra8 45. Rb1 Ra2 46. Qd2 Qd7 47. Kh2
Qd5 48. Bh4 g5 49. fxg5 fxg5 50. Bxg5 Qxg5 51. Rg1 Bg4 52. Rg2 Qh4+ 0-1

[Event "Eesti naiste MV"]
[Site "Tallinn"]
[Date "2005.05.11"]
[Round "2"]
[White "Narva, Regina"]
[Black "Fomina, Tatjana"]
[Result "0-1"]
[WhiteElo "2106"]
[BlackElo "2260"]
[PlyCount "76"]
[EventDate "2005.05.10"]
[EventType "tourn"]
[EventRounds "1"]
[EventCountry "EST"]
[SourceDate "2005.05.13"]

1. e4 c5 2. Nf3 e6 3. Nc3 Nc6 4. d4 cxd4 5. Nxd4 Qc7 6. Be2 Nf6 7. O-O Be7 8.
Be3 O-O 9. a3 b6 10. f4 Bb7 11. Bf3 Nxd4 12. Bxd4 d5 13. e5 Nd7 14. Qe2 Bc5 15.
Bxc5 bxc5 16. Rf2 c4 17. Re1 g6 18. g4 Rfe8 19. Nb5 Qb6 20. Nd6 Re7 21. Nxb7
Qxb7 22. Qxc4 Qxb2 23. Qc6 Rae8 24. c4 Qc3 25. Rd1 Nb8 26. Qa4 Qxc4 27. Qxc4
dxc4 28. Rc2 Rc8 29. Rd4 Rec7 30. Kf2 Nd7 31. Ke3 Nb6 32. Ke4 Rc5 33. Be2 c3
34. f5 exf5+ 35. gxf5 Re8 36. fxg6 Rcxe5+ 37. Kf3 hxg6 38. Bb5 Rxb5 0-1

[Event "Eesti naiste MV"]
[Site "Tallinn"]
[Date "2005.05.10"]
[Round "2"]
[White "Gansvind, Valeria"]
[Black "Rõtova, Merike"]
[Result "1-0"]
[WhiteElo "2252"]
[BlackElo "1997"]
[PlyCount "85"]
[EventDate "2005.05.10"]
[EventType "tourn"]
[EventRounds "1"]
[EventCountry "EST"]
[SourceDate "2005.05.13"]

1. d4 Nf6 2. Bg5 g6 3. Bxf6 exf6 4. e3 Bg7 5. g3 O-O 6. Bg2 d5 7. Nd2 c6 8. Ne2
f5 9. O-O Na6 10. c4 Nc7 11. c5 Ne6 12. b4 Ng5 13. Nb3 Qe7 14. b5 Ne4 15. Qd3
Re8 16. a4 Qc7 17. Ra2 Bd7 18. Nf4 Re7 19. Re1 Rae8 20. Qc2 Bh6 21. Bf1 Ng5 22.
Rb1 Ne6 23. b6 axb6 24. cxb6 Qd6 25. Nd3 Ng5 26. Nbc5 Bc8 27. a5 Ne4 28. a6 f4
29. exf4 Qb8 30. Ne5 Bf5 31. Bd3 Nxc5 32. dxc5 Bxd3 33. Qxd3 Bg7 34. a7 Qa8 35.
Nf3 Re4 36. Rc1 Rb4 37. Kg2 Rbe4 38. h4 f5 39. Rcc2 h6 40. h5 R8e6 41. hxg6
Rxg6 42. Nh4 Rd4 43. Qxf5 1-0

[Event "Eesti naiste MV"]
[Site "Tallinn"]
[Date "2005.05.10"]
[Round "2"]
[White "Pärnpuu, Leili"]
[Black "Makarova, Natalja"]
[Result "0-1"]
[WhiteElo "2226"]
[BlackElo "1915"]
[PlyCount "126"]
[EventDate "2005.05.10"]
[EventType "tourn"]
[EventRounds "1"]
[EventCountry "EST"]
[SourceDate "2005.05.13"]

1. Nf3 c5 2. c4 d6 3. d4 cxd4 4. Nxd4 Nf6 5. Nc3 a6 6. e4 e6 7. Be2 Nbd7 8. O-O
Qc7 9. Be3 Be7 10. Rc1 b6 11. f4 Bb7 12. Bf3 Nc5 13. Qc2 O-O 14. Rfe1 Rac8 15.
Bf2 Rfd8 16. Qe2 Bf8 17. b3 Qe7 18. Bh4 e5 19. Nf5 Qc7 20. fxe5 dxe5 21. Nd5
Bxd5 22. cxd5 Qb8 23. Bxf6 gxf6 24. Bh5 Rc7 25. Rc3 Nb7 26. Rg3+ Kh8 27. Kh1
Bb4 28. Rf1 Rg8 29. Nh6 Rxg3 30. hxg3 Qf8 31. Rxf6 Qg7 32. Nxf7+ Kg8 33. Nh6+
Kh8 34. Rc6 Nd6 35. Qf3 Rxc6 36. dxc6 Qxh6 37. Kh2 Qg7 38. c7 Nc8 39. Qf5 Qxc7
40. Qf6+ Qg7 41. Qd8+ Qf8 42. Qd5 Bd6 43. Qb7 Bc5 44. Qxa6 Nd6 45. b4 Bd4 46.
a4 Qh6 47. Qe2 Nxe4 48. Qxe4 Qxh5+ 49. Qh4 Qxh4+ 50. gxh4 Kg7 51. Kg3 e4 52.
Kf4 e3 53. Kf3 Kf6 54. g4 Ke5 55. a5 b5 56. a6 h6 57. Ke2 Kf4 58. g5 hxg5 59.
h5 g4 60. h6 g3 61. h7 g2 62. a7 g1=Q 63. a8=Q Qf2+ 0-1

[Event "Eesti naiste MV"]
[Site "Tallinn"]
[Date "2005.05.11"]
[Round "2"]
[White "Makarova, Kermen"]
[Black "Tsõganova, Monika"]
[Result "0-1"]
[WhiteElo "1927"]
[BlackElo "2266"]
[PlyCount "110"]
[EventDate "2005.05.10"]
[EventType "tourn"]
[EventRounds "1"]
[EventCountry "EST"]
[SourceDate "2005.05.13"]

1. c4 Nf6 2. Nc3 e5 3. g3 d6 4. Bg2 g6 5. d3 Bg7 6. Nf3 O-O 7. O-O c6 8. Bd2 h6
9. Rb1 Be6 10. b4 Nbd7 11. b5 Qc7 12. Ne1 Kh7 13. Nc2 Ng8 14. Nb4 Ne7 15. bxc6
bxc6 16. Qa4 Nc5 17. Na6 Nxa6 18. Qxa6 Bc8 19. Qa3 Bd7 20. Ne4 Bg4 21. f3 Be6
22. Qxd6 Qxd6 23. Nxd6 Nc8 24. Nxc8 Rfxc8 25. Bc3 Rab8 26. Rxb8 Rxb8 27. f4
exf4 28. Bxg7 Kxg7 29. Rxf4 Rb2 30. Kf2 c5 31. a4 Bd7 32. Re4 Kf6 33. Rf4+ Ke7
34. Re4+ Kd6 35. a5 Ra2 36. d4 Rxa5 37. dxc5+ Rxc5 38. Rd4+ Ke7 39. Ke3 Be6 40.
Kd3 Ra5 41. Bf3 Kf6 42. g4 Ke5 43. Re4+ Kd6 44. Kc3 Ra1 45. Rd4+ Kc5 46. Rd2
Rc1+ 47. Kb2 Rxc4 48. h3 a5 49. Ka3 Rc1 50. Kb2 Rg1 51. e4 Rg3 52. Bg2 Re3 53.
Kc1 a4 54. Rc2+ Kb4 55. Rc7 Bc4 0-1

[Event "Eesti naiste MV"]
[Site "Tallinn"]
[Date "2005.05.11"]
[Round "2"]
[White "Bashkite, Viktoria"]
[Black "Käos, Kreete"]
[Result "1/2-1/2"]
[WhiteElo "2191"]
[BlackElo "1872"]
[PlyCount "77"]
[EventDate "2005.05.10"]
[EventType "tourn"]
[EventRounds "1"]
[EventCountry "EST"]
[SourceDate "2005.05.13"]

1. c4 Nf6 2. g3 e6 3. Bg2 d5 4. Nf3 c6 5. b3 Be7 6. O-O O-O 7. Bb2 Nbd7 8. d3
Qc7 9. Nbd2 e5 10. cxd5 Nxd5 11. Nc4 f6 12. e4 N5b6 13. Ne3 Nc5 14. Qc2 Be6 15.
d4 exd4 16. Nxd4 Bf7 17. Ndf5 Ne6 18. Rac1 Rac8 19. Qe2 Bg6 20. Bh3 Rcd8 21.
Nxe7+ Qxe7 22. Nf5 Qb4 23. Nh6+ gxh6 24. Bxe6+ Kg7 25. Bc4 Nxc4 26. Rxc4 Qd2
27. Rc2 Qxe2 28. Rxe2 Bh5 29. f3 Rd3 30. g4 Bg6 31. h4 Kg8 32. Kg2 h5 33. g5
fxg5 34. hxg5 h4 35. Bf6 h6 36. Ref2 hxg5 37. Bxg5 Bxe4 38. Be7 h3+ 39. Kxh3
1/2-1/2

[Event "Eesti naiste MV"]
[Site "Tallinn"]
[Date "2005.05.11"]
[Round "2"]
[White "Kõrge, Kersti"]
[Black "Vahtra, Tuuli"]
[Result "1-0"]
[WhiteElo "1936"]
[BlackElo "2007"]
[PlyCount "137"]
[EventDate "2005.05.10"]
[EventType "tourn"]
[EventRounds "1"]
[EventCountry "EST"]
[SourceDate "2005.05.13"]

1. e4 e6 2. d4 d5 3. e5 c5 4. c3 Qb6 5. a3 Bd7 6. Nf3 Bb5 7. Bd3 cxd4 8. cxd4
Bxd3 9. Qxd3 Nc6 10. O-O Nge7 11. Nc3 Ng6 12. Na4 Qc7 13. b4 Be7 14. Bd2 O-O
15. Rac1 a6 16. Rc3 Bd8 17. Rfc1 Qe7 18. Bg5 f6 19. exf6 gxf6 20. Bh6 Re8 21.
Nc5 Na7 22. Re1 Qf7 23. h4 Nb5 24. Rcc1 Nd6 25. h5 Nf8 26. g4 b6 27. Nxa6 Nc4
28. b5 e5 29. Nd2 Rc8 30. Nxc4 Rxc4 31. Rxc4 dxc4 32. Qf5 Nd7 33. Nb4 exd4 34.
Rxe8+ Qxe8 35. Qd5+ Kh8 36. Qxd4 Ne5 37. Qd1 Nf7 38. Be3 Qxb5 39. Qd4 Kg8 40.
Nd5 Qc6 41. Nxb6 c3 42. Nc4 c2 43. Bc1 Qf3 44. Ne3 Qc6 45. Qd3 Bc7 46. Nxc2 Qe6
47. Qf3 Ne5 48. Qa8+ Kf7 49. Ne3 Nxg4 50. Qd5 Bh2+ 51. Kh1 Nxe3 52. Qxe6+ Kxe6
53. Kxh2 Nc4 54. Kg3 Kf5 55. Kf3 Na5 56. Ke3 Kg5 57. Ke4+ Kxh5 58. Kf5 Nc4 59.
Kxf6 Kg4 60. a4 h5 61. Bg5 Kf3 62. Bh4 Kg4 63. Bg5 h4 64. Bxh4 Kxh4 65. f4 Kg4
66. f5 Kf4 67. Ke6 Ke4 68. f6 Ne5 69. a5 1-0

[Event "Eesti naiste MV"]
[Site "Tallinn"]
[Date "2005.05.11"]
[Round "3"]
[White "Vahtra, Tuuli"]
[Black "Narva, Regina"]
[Result "1/2-1/2"]
[WhiteElo "2007"]
[BlackElo "2106"]
[PlyCount "123"]
[EventDate "2005.05.10"]
[EventType "tourn"]
[EventRounds "1"]
[EventCountry "EST"]
[SourceDate "2005.05.13"]

1. d4 Nf6 2. Bg5 g6 3. Bxf6 exf6 4. e3 Bg7 5. Nf3 f5 6. Be2 O-O 7. O-O d6 8. c4
g5 9. Nc3 g4 10. Ne1 h5 11. Nd3 c6 12. Nf4 Qg5 13. f3 Re8 14. fxg4 hxg4 15. Qd3
Qe7 16. Nd1 Na6 17. a3 Nc7 18. Nh5 Ne6 19. Rxf5 Nxd4 20. Nxg7 Nxe2+ 21. Qxe2
Kxg7 22. Qxg4+ Kf8 23. Qh5 Qe6 24. Rf3 Qxc4 25. Qh8+ Ke7 26. Qf6+ Kd7 27. Qxf7+
Qxf7 28. Rxf7+ Ke6 29. Rf3 b6 30. Nc3 Ba6 31. g4 Rf8 32. Kf2 Rxf3+ 33. Kxf3 Rh8
34. Kg3 Ke5 35. h4 d5 36. Rd1 Rd8 37. Rd2 c5 38. Ne2 d4 39. exd4+ cxd4 40. Nf4
Ke4 41. g5 Ke3 42. Rd1 d3 43. Nxd3 Bxd3 44. h5 Rd5 45. Kh4 Rd4+ 46. Kg3 Rd5 47.
Kh4 Rd4+ 48. Kg3 Be2 49. Rxd4 Kxd4 50. h6 Bd3 51. Kg4 Bg6 52. Kf4 Kd5 53. Ke3
Ke5 54. a4 Kf5 55. Kd4 Kxg5 56. b4 Kxh6 57. a5 Kg5 58. Kd5 Be8 59. Kd6 Kf5 60.
Kc7 bxa5 61. bxa5 Bb5 62. a6 1/2-1/2

[Event "Eesti naiste MV"]
[Site "Tallinn"]
[Date "2005.05.11"]
[Round "3"]
[White "Käos, Kreete"]
[Black "Kõrge, Kersti"]
[Result "0-1"]
[WhiteElo "1872"]
[BlackElo "1936"]
[PlyCount "120"]
[EventDate "2005.05.10"]
[EventType "tourn"]
[EventRounds "1"]
[EventCountry "EST"]
[SourceDate "2005.05.13"]

1. d4 Nf6 2. c4 c5 3. d5 b5 4. cxb5 a6 5. Nc3 d6 6. e4 g6 7. bxa6 Nxa6 8. Nf3
Bg7 9. Bb5+ Nd7 10. O-O Qb6 11. Qb3 O-O 12. Bg5 f6 13. Bxd7 Qxb3 14. Be6+ Bxe6
15. axb3 Bd7 16. Be3 Nb4 17. Bd2 Nd3 18. Rxa8 Rxa8 19. Ne1 Nb4 20. Nf3 f5 21.
Bg5 Kf7 22. Nd2 Nd3 23. Nc4 Nxb2 24. Nb6 Ra7 25. Nxd7 Rxd7 26. Na4 Nxa4 27.
bxa4 Ra7 28. exf5 gxf5 29. Re1 Bf6 30. Bxf6 Kxf6 31. g4 Rxa4 32. Re6+ Kf7 33.
gxf5 Rf4 34. Rh6 Rxf5 35. Rxh7+ Ke8 36. Rh8+ Kd7 37. h4 c4 38. Ra8 Rh5 39. Ra7+
Ke8 40. Ra4 Rxh4 41. Kg2 Kf7 42. Kg3 Rd4 43. Kf3 Kf6 44. Rb4 Ke5 45. Rb7 Rxd5
46. Rxe7+ Kd4 47. Re1 Re5 48. Rd1+ Kc5 49. Kg4 d5 50. f4 Re2 51. Rf1 c3 52. f5
Kc4 53. f6 Re8 54. f7 Rf8 55. Kg5 c2 56. Kg6 d4 57. Kg7 Ra8 58. f8=Q Rxf8 59.
Rxf8 d3 60. Rc8+ Kb3 0-1

[Event "Eesti naiste MV"]
[Site "Tallinn"]
[Date "2005.05.11"]
[Round "3"]
[White "Tsõganova, Monika"]
[Black "Bashkite, Viktoria"]
[Result "1-0"]
[WhiteElo "2266"]
[BlackElo "2191"]
[PlyCount "65"]
[EventDate "2005.05.10"]
[EventType "tourn"]
[EventRounds "1"]
[EventCountry "EST"]
[SourceDate "2005.05.13"]

1. d4 d5 2. c4 dxc4 3. Nf3 a6 4. e3 Bg4 5. Bxc4 e6 6. Nc3 Nf6 7. O-O Nc6 8. h3
Bh5 9. b3 Bd6 10. Be2 e5 11. Nxe5 Bxe2 12. Nxc6 Bxd1 13. Nxd8 Bxb3 14. Nxb7 Bc4
15. Nxd6+ cxd6 16. Re1 Kd7 17. e4 Rhe8 18. Ba3 Rab8 19. e5 dxe5 20. dxe5 Nd5
21. Ne4 Rec8 22. Nd6 Rc6 23. Nxf7 Nb4 24. e6+ Ke8 25. Ne5 Rcc8 26. Re4 Nc2 27.
Nxc4 Nxa1 28. Nd6+ Kd8 29. Nxc8 Rxc8 30. Rd4+ Ke8 31. Rf4 Kd8 32. Rf8+ Kc7 33.
e7 1-0

[Event "Eesti naiste MV"]
[Site "Tallinn"]
[Date "2005.05.11"]
[Round "3"]
[White "Makarova, Natalja"]
[Black "Makarova, Kermen"]
[Result "1/2-1/2"]
[WhiteElo "1915"]
[BlackElo "1927"]
[PlyCount "46"]
[EventDate "2005.05.10"]
[EventType "tourn"]
[EventRounds "1"]
[EventCountry "EST"]
[SourceDate "2005.05.13"]

1. e4 c5 2. c3 d5 3. exd5 Qxd5 4. d4 Nc6 5. Nf3 e6 6. Be3 cxd4 7. cxd4 Nf6 8.
Nc3 Qd8 9. Be2 Bb4 10. O-O O-O 11. h3 Nd5 12. Nxd5 Qxd5 13. a3 Be7 14. Rc1 Rd8
15. Bc4 Qd7 16. Qc2 Bf6 17. Rfd1 a6 18. Ne5 Qc7 19. Nxc6 Qxc6 20. Bd3 Qxc2 21.
Rxc2 b5 22. Be4 Rb8 23. Rdc1 Bd7 1/2-1/2

[Event "Eesti naiste MV"]
[Site "Tallinn"]
[Date "2005.05.11"]
[Round "3"]
[White "Rõtova, Merike"]
[Black "Pärnpuu, Leili"]
[Result "1/2-1/2"]
[WhiteElo "1997"]
[BlackElo "2226"]
[PlyCount "67"]
[EventDate "2005.05.10"]
[EventType "tourn"]
[EventRounds "1"]
[EventCountry "EST"]
[SourceDate "2005.05.13"]

1. d4 d5 2. e3 g6 3. f4 Bg7 4. Bd3 Nh6 5. c3 O-O 6. Nf3 b6 7. O-O c5 8. Ne5 Qd6
9. Bd2 f6 10. Nf3 Nc6 11. Na3 a6 12. e4 dxe4 13. Bxe4 b5 14. Qe2 Bb7 15. dxc5
Qxc5+ 16. Be3 Qd6 17. Rad1 Qc7 18. Bd5+ Kh8 19. Be6 Bc8 20. Nd4 Nxd4 21. Bxd4
Nf5 22. Nc2 Rd8 23. Bxf5 Bxf5 24. Ne3 e5 25. Nxf5 gxf5 26. Be3 Rxd1 27. Qxd1
Rd8 28. Qf3 Qc4 29. Rd1 Rxd1+ 30. Qxd1 Qxa2 31. Qd8+ Qg8 32. Qd7 Qc4 33. Qd8+
Qg8 34. Qd7 1/2-1/2

[Event "Eesti naiste MV"]
[Site "Tallinn"]
[Date "2005.05.11"]
[Round "3"]
[White "Fomina, Tatjana"]
[Black "Gansvind, Valeria"]
[Result "0-1"]
[WhiteElo "2260"]
[BlackElo "2252"]
[PlyCount "74"]
[EventDate "2005.05.10"]
[EventType "tourn"]
[EventRounds "1"]
[EventCountry "EST"]
[SourceDate "2005.05.13"]

1. e4 c5 2. Nf3 a6 3. c3 d5 4. e5 d4 5. Bd3 Nc6 6. O-O Qc7 7. cxd4 cxd4 8. Re1
Bg4 9. Qe2 e6 10. b3 Nge7 11. Ba3 Ng6 12. Bxg6 hxg6 13. Bxf8 Kxf8 14. Na3 Rh5
15. Rac1 Rf5 16. Nc4 Bxf3 17. gxf3 Qe7 18. Kh1 Rd8 19. d3 Qg5 20. a4 Qf4 21.
Qe4 Qh6 22. f4 Rh5 23. Qg2 Qxf4 24. Qg3 Qxg3 25. fxg3 Ke7 26. Kg2 b5 27. axb5
axb5 28. Nb6 Nxe5 29. Rc7+ Ke8 30. Ra1 Rf5 31. Raa7 Nxd3 32. Nc8 Ne5 33. Ne7
Rh5 34. g4 Rh4 35. h3 d3 36. Nc6 Nxc6 37. Rxc6 d2 0-1

[Event "Eesti naiste MV"]
[Site "Tallinn"]
[Date "2005.05.11"]
[Round "4"]
[White "Narva, Regina"]
[Black "Gansvind, Valeria"]
[Result "1/2-1/2"]
[WhiteElo "2106"]
[BlackElo "2252"]
[PlyCount "81"]
[EventDate "2005.05.10"]
[EventType "tourn"]
[EventRounds "1"]
[EventCountry "EST"]
[SourceDate "2005.05.13"]

1. e4 c5 2. Nf3 e6 3. d4 cxd4 4. Nxd4 a6 5. Nc3 Qc7 6. g3 Nf6 7. Bg2 d6 8. O-O
Be7 9. Nde2 Nbd7 10. h3 h5 11. Kh1 Rb8 12. f4 b5 13. a3 Bb7 14. Nd4 Rc8 15. Re1
Kf8 16. Qe2 Nb6 17. Qf2 Kg8 18. e5 Bxg2+ 19. Kxg2 dxe5 20. fxe5 Nfd7 21. Nf3
Nc4 22. Qe2 Nf8 23. Nd1 Ng6 24. b3 Nb6 25. Ra2 h4 26. g4 Rd8 27. Qe4 Nd7 28.
Nf2 Nc5 29. Qe3 Qc6 30. Nd3 Nd7 31. Qe4 Qxe4 32. Rxe4 Nb6 33. a4 bxa4 34. bxa4
Rc8 35. Bd2 Nc4 36. Be1 Kh7 37. g5 Rhd8 38. Bxh4 Nxh4+ 39. Rxh4+ Kg8 40. Kf2
Nb6 41. Rg4 1/2-1/2

[Event "Eesti naiste MV"]
[Site "Tallinn"]
[Date "2005.05.11"]
[Round "4"]
[White "Pärnpuu, Leili"]
[Black "Fomina, Tatjana"]
[Result "1/2-1/2"]
[WhiteElo "2226"]
[BlackElo "2260"]
[PlyCount "85"]
[EventDate "2005.05.10"]
[EventType "tourn"]
[EventRounds "1"]
[EventCountry "EST"]
[SourceDate "2005.05.13"]

1. c4 c5 2. Nf3 Nc6 3. d4 cxd4 4. Nxd4 e6 5. a3 d5 6. cxd5 exd5 7. Nc3 Nf6 8.
Bg5 Be7 9. e3 O-O 10. Be2 Ne4 11. Bxe7 Nxe7 12. Qc2 f5 13. O-O Bd7 14. f3 Nxc3
15. Qxc3 Rf6 16. Qd2 Qb6 17. Rac1 Re8 18. f4 Nc6 19. Bf3 Rd6 20. Rfe1 Na5 21.
b4 Nc6 22. Rc5 Kh8 23. Bxd5 Nxd4 24. exd4 Rd8 25. h3 Bc6 26. Bxc6 bxc6 27. Qe3
h6 28. Rd1 Rd5 29. Rd3 a5 30. Rxd5 Rxd5 31. bxa5 Rxa5 32. Rb3 Qa7 33. Kh2 Kh7
34. Rc3 Qd7 35. Rc5 Ra4 36. Qe5 Rxd4 37. Qxf5+ Qxf5 38. Rxf5 Rc4 39. Rf8 Kg6
40. Rc8 Kf5 41. a4 Rxa4 42. Rxc6 Rxf4 43. Kg3 1/2-1/2

[Event "Eesti naiste MV"]
[Site "Tallinn"]
[Date "2005.05.12"]
[Round "4"]
[White "Makarova, Kermen"]
[Black "Rõtova, Merike"]
[Result "0-1"]
[WhiteElo "1927"]
[BlackElo "1997"]
[PlyCount "120"]
[EventDate "2005.05.10"]
[EventType "tourn"]
[EventRounds "1"]
[EventCountry "EST"]
[SourceDate "2005.05.13"]

1. c4 e5 2. Nc3 Nc6 3. g3 g6 4. Bg2 d6 5. Nf3 Bg7 6. O-O f5 7. d3 Nf6 8. Nd2
O-O 9. Rb1 h6 10. b4 Kh7 11. b5 Nd4 12. e3 Ne6 13. Nb3 a5 14. a4 Ra7 15. Ba3 b6
16. d4 e4 17. Ne2 Ng5 18. Nd2 Re8 19. Rc1 Bb7 20. Nf4 Qa8 21. c5 dxc5 22. dxc5
Bf8 23. Bb2 Qd8 24. c6 Bc8 25. Qc2 Bg7 26. Rfd1 Qe7 27. h4 Ne6 28. Ne2 g5 29.
hxg5 Nxg5 30. Nd4 Ra8 31. Nc4 Be6 32. Ba3 Qf7 33. Ne5 Qh5 34. Ne2 Ng4 35. Nxg4
Qxg4 36. Bb2 Rg8 37. Nf4 Rae8 38. Rb1 Bc8 39. Qe2 Nf3+ 40. Bxf3 exf3 41. Qf1
Re4 42. Kh2 Rxa4 43. Bxg7 Rxg7 44. Qh3 Ra2 45. Qxg4 fxg4 46. Kg1 Bf5 47. Rbc1
Rb2 48. Rd5 Bc8 49. Rcd1 a4 50. Ra1 Rb4 51. Nd3 Re4 52. Rd4 Rxd4 53. exd4 Rg5
54. Ne5 Be6 55. Rxa4 Rg7 56. Ra3 Rg8 57. Re3 Ra8 58. Re1 Kg7 59. Nxf3 Bc4 60.
Ne5 Bxb5 0-1

[Event "Eesti naiste MV"]
[Site "Tallinn"]
[Date "2005.05.12"]
[Round "4"]
[White "Bashkite, Viktoria"]
[Black "Makarova, Natalja"]
[Result "1-0"]
[WhiteElo "2191"]
[BlackElo "1915"]
[PlyCount "45"]
[EventDate "2005.05.10"]
[EventType "tourn"]
[EventRounds "1"]
[EventCountry "EST"]
[SourceDate "2005.05.13"]

1. Nf3 c5 2. g3 Nf6 3. b3 d5 4. Bb2 Nc6 5. Bg2 e6 6. O-O Bd6 7. d4 Qc7 8. Nc3
a6 9. dxc5 Bxc5 10. e4 dxe4 11. Ng5 e3 12. Nce4 exf2+ 13. Kh1 Be7 14. Qf3 e5
15. Nxf6+ gxf6 16. Rxf2 O-O 17. Ne4 f5 18. Nc3 e4 19. Qh5 Be6 20. Nd5 Qd6 21.
Nf6+ Bxf6 22. Bxf6 Rfc8 23. Qh6 1-0